| 000 | 00610nam a2200169Ia 4500 | ||
|---|---|---|---|
| 008 | 090711s9999 xx 000 0 und d | ||
| 082 | _b1545 | ||
| 100 | _aगोळे प्रकाश | ||
| 245 | _aकथा कोकण किनाऱ्याSाी | ||
| 260 |
_bकॉन्टीनेन्टल प्रकाशन _c1998 |
||
| 300 | _a109 | ||
| 600 | _aगोळे प्रकाश | ||
| 630 | _aकथा कोकण किनाऱ्याSाी | ||
| 700 | _aगोळे प्रकाश | ||
| 730 | _aकथा कोकण किनाऱ्याSाी | ||
| 942 | _cBOOK | ||
| 999 |
_c334427 _d334427 |
||